Welcome to CU Library Online Public Access Catalogue (OPAC)

The circulatory system / (Record no. 2424)

MARC details
000 -LEADER
fixed length control field 00682cam a2200217 a 4500
001 - CONTROL NUMBER
control field 3856030
005 - DATE AND TIME OF LATEST TRANSACTION
control field 20241217150340.0
008 - FIXED-LENGTH DATA ELEMENTS--GENERAL INFORMATION
fixed length control field 880613s1989 nyua j b 001 0 eng
020 ## - INTERNATIONAL STANDARD BOOK NUMBER
International Standard Book Number 0791000133
050 00 - LIBRARY OF CONGRESS CALL NUMBER
Classification number QP103
Item number .A94 1989
082 00 - DEWEY DECIMAL CLASSIFICATION NUMBER
Classification number 612.1
Edition information 19
100 1# - MAIN ENTRY--PERSONAL NAME
Personal name Avraham, Regina.
245 14 - TITLE STATEMENT
Title The circulatory system /
Statement of responsibility, etc. Regina Avraham ; introduction by C. Everett Koop.
260 ## - PUBLICATION, DISTRIBUTION, ETC.
Place of publication, distribution, etc. New York :
Name of publisher, distributor, etc. Chelsea House Publishers,
Date of publication, distribution, etc. c1989.
300 ## - PHYSICAL DESCRIPTION
Extent 110 p. :
Other physical details ill. ;
Dimensions 24 cm.
440 #4 - SERIES STATEMENT/ADDED ENTRY--TITLE
Title The Encyclopedia of health.
Name of part/section of a work Healthy body
500 ## - GENERAL NOTE
General note Includes index.
650 #0 - SUBJECT ADDED ENTRY--TOPICAL TERM
Topical term or geographic name entry element Cardiovascular system
General subdivision Juvenile literature.
650 #1 - SUBJECT ADDED ENTRY--TOPICAL TERM
Topical term or geographic name entry element Circulatory system.
942 ## - ADDED ENTRY ELEMENTS (KOHA)
Source of classification or shelving scheme Library of Congress Classification
Koha item type Books
Suppress in OPAC No
999 ## -
-- 2424
-- 2424
Holdings
Withdrawn status Lost status Source of classification or shelving scheme Damaged status Not for loan Collection Home library Current library Shelving location Date acquired Total checkouts Full call number Barcode Date last seen Copy number Price effective from Koha item type
    Library of Congress Classification     Non-fiction Science Library (Miotso) Science Library (Miotso) General stacks 12/17/2024   QP103 .A94 AVR SLM00001724 12/17/2024 1 12/17/2024 Books
© 2023-2024 Copyright: Central University Libraries. All Rights Reserved | Created by: Mahone Tech Office